| 000 | 00784nam a2200229 a 4500 | ||
|---|---|---|---|
| 005 | 20241203063715.0 | ||
| 008 | 991125s1982 mx 000 0 spa u | ||
| 020 | _a9684261462 | ||
| 035 | _aUPN01000005456 | ||
| 049 | _aCG | ||
| 050 | 4 |
_aLB1025 _aP3.78 |
|
| 100 | 1 |
_aPatterson, Cecil Holden, _d1912- |
|
| 245 | 1 | 0 |
_aBases para una teoría de la enseñanza y psicología de la educación / _cC. H. Patterson ; tr. Pedro Rivera Ramírez. |
| 260 |
_aMéxico : _bEl Manual Moderno, _c1982. |
||
| 300 | _a362 p. | ||
| 590 | _aBibliografía Básica (BGTQ) | ||
| 590 | 0 | _a(También localizas un ejemplar en el "Área de Reserva") | |
| 650 | 4 |
_aPsicología del aprendizaje _95221 |
|
| 650 | 4 |
_aPsicología educativa _95197 |
|
| 650 | 4 |
_aTeorías de la educación _95007 |
|
| 905 | _aLibro | ||
| 999 |
_c5456 _d5456 |
||